Practical Data Science With R (Record no. 341933)
[ view plain ]
| 000 -LEADER | |
|---|---|
| fixed length control field | 00454nam a2200169Ia 4500 |
| 008 - FIXED-LENGTH DATA ELEMENTS--GENERAL INFORMATION | |
| fixed length control field | 230718s9999 xx 000 0 und d |
| 020 ## - INTERNATIONAL STANDARD BOOK NUMBER | |
| International Standard Book Number | 9789351194378 |
| 041 ## - LANGUAGE CODE | |
| Language code of text/sound track or separate title | eng |
| 082 ## - DEWEY DECIMAL CLASSIFICATION NUMBER | |
| Classification number | 005.13'3074 |
| Item number | ZUM |
| 100 ## - MAIN ENTRY--PERSONAL NAME | |
| Personal name | Zumel N. |
| 245 ## - TITLE STATEMENT | |
| Title | Practical Data Science With R |
| 260 ## - PUBLICATION, DISTRIBUTION, ETC. (IMPRINT) | |
| Date of publication, distribution, etc. | 2014 |
| Name of publisher, distributor, etc. | Dreamtech/Manning |
| 300 ## - PHYSICAL DESCRIPTION | |
| Extent | 389 |
| 365 ## - TRADE PRICE | |
| Currency code | Rs. |
| Price amount | 799.00 |
| 700 ## - ADDED ENTRY--PERSONAL NAME | |
| Personal name | Zumel N. & Mount J. |
| 906 ## - LOCAL DATA ELEMENT F, LDF (RLIN) | |
| d | O:0505021-Apr-2016B:275812-Apr-2016 |
| c | COMP |
| b | 1118.6 |
| Withdrawn status | Lost status | Damaged status | Not for loan | Home library | Current library | Date acquired | Vendor | Budget Code | Cost, normal purchase price | Bill number | Total Checkouts | Full call number | Barcode | Date last seen | Discount | Cost, replacement price | Bill Date | Koha item type | Original Barcode |
|---|---|---|---|---|---|---|---|---|---|---|---|---|---|---|---|---|---|---|---|
| Cummins College of Engineering for Women Pune | Cummins College of Engineering for Women Pune | 21/04/2016 | Vaibhav Book House | COMP | 575.28 | 2758 | 005.13'3074 | CCEP-BK-53140 | 18/07/2023 | 1118.6 | 799.00 | 12/04/2016 | Books | 053140 |